|
|
|
|
| LEADER |
00000nam2a2200000 4500 |
| 001 |
206025 |
| 005 |
20231101225323.0 |
| 035 |
|
|
|a (RuTPU)RU\TPU\book\224569
|
| 035 |
|
|
|a RU\TPU\book\224568
|
| 090 |
|
|
|a 206025
|
| 100 |
|
|
|a 20111222d1976 k y0rusy50 ca
|
| 101 |
0 |
|
|a rus
|
| 102 |
|
|
|a RU
|
| 105 |
|
|
|a a z 000zy
|
| 200 |
0 |
|
|a Т. 2: Современные самолеты США и стран Западной Европы. Ч. 2
|f Ю. П. Струков
|g научн. ред. С. В. Румянцев ; научн. ред. М. Н. Шульженко
|
| 210 |
|
|
|d 1976
|
| 215 |
|
|
|a 191 с.
|c ил.
|
| 461 |
|
1 |
|0 (RuTPU)RU\TPU\book\223995
|t Авиастроение
|f Академия наук СССР (АН СССР), Всесоюзный институт научной и технической информации (ВИНИТИ)
|v Т. 2: Современные самолеты США и стран Западной Европы. Ч. 2
|d 1973-1991
|s Авиастроение
|
| 606 |
1 |
|
|a Авиастроение
|2 stltpush
|3 (RuTPU)RU\TPU\subj\106
|9 29139
|
| 606 |
1 |
|
|a Самолеты зарубежные
|2 stltpush
|3 (RuTPU)RU\TPU\subj\53696
|9 71863
|
| 610 |
1 |
|
|a США
|
| 610 |
1 |
|
|a Западная Европа
|
| 675 |
|
|
|a 629.73.002
|v 3
|
| 675 |
|
|
|a 629.73
|v 3
|
| 700 |
|
1 |
|a Струков
|b Ю. П.
|
| 702 |
|
1 |
|a Румянцев
|b С. В.
|4 340
|
| 702 |
|
1 |
|a Шульженко
|b М. Н.
|g Михаил Никитич
|4 340
|
| 801 |
|
1 |
|a RU
|b 63413507
|c 20111222
|
| 801 |
|
2 |
|a RU
|b 63413507
|c 20111222
|g RCR
|
| 942 |
|
|
|c BK
|